00776 a2200205 450000500170000001000130001702000240003003500130005403700160006708200150008324501360009826000400023427000110027430000280028570000350031370000270034894200340037599900190040995201420042820240515110829.0 aB-759024 a9780190847128c0.00 aB-759024 bGift/Unesco a305.235072 aHandbook of Adolescent Development Research and Its Impact on Global Policy/cEdited by - Jennifer E. Lansford [and] Prerna Banati aLondonbEarthscan Publicationc1995 bLondon axiv, 228 p.c22cm (Pb) aLansford , Jennifer E. 966136 aBanati, Prerna 966137 adplcEN2ddch305.235072mHAN c202851d202851 001040708NFICaVPbVPd2024-05-15eGift/10.5.24g0.00l0o305.235072 HANpB-759024r2024-05-15 00:00:00t1v0.00w2024-05-15yENzGift